banner koha

Defesa agropecuária: histórico, ações e perspectivas (Registro n. 86561)

MARC details
000 -LÍDER
Campo de controle fixo 01143nam a22003617a 4500
001 - NÚMERO DE CONTROLE
Número de controle BR2023001972
003 - CÓDIGO MARC DA AGÊNCIA CATALOGADORA
Campo de controle BR-BrBNA
005 - DATA E HORA DA ÚLTIMA ATUALIZAÇÃO
Campo de controle 20231114074239.0
008 - CAMPO DE TAMANHO FIXO
Campo fixo de controle 231024b bl.||||| |||| 00| 0 por d
020 ## - ISBN - INTERNATIONAL STANDARD BOOK NUMBER
ISBN 978-85-7991-119-4
040 ## - FONTE DA CATALOGAÇÃO
Agência catalogadora BR-BrBNA
Idioma da catalogação por
041 ## - CÓDIGO DO IDIOMA
Código do Idioma por
072 ## - CATEGORIA AGRIS
Código da categoria de assunto/objeto <a href="H01 ; L70 ; Q03">H01 ; L70 ; Q03</a>
090 ## - NÚMERO DE CHAMADA
Localização na estante H01 BR2023001972
110 1# - ENTRADA PRINCIPAL - ENTIDADE
9 (RLIN) 6721
Nome da entidade ou lugar Ministério da Agricultura, Pecuária e Abastecimento, Brasília, DF (Brasil). Secretaria de Defesa Agropecuária
245 ## - TÍTULO PRINCIPAL
Título principal Defesa agropecuária: histórico, ações e perspectivas
260 ## - IMPRENTA (PUBLICAÇÃO, DISTRIBUIÇÃO, ETC.)
Lugar de publicação, distribuição, etc. Brasília, DF (Brasil)
Data de publicação, distribuição, etc 2018
300 ## - DESCRIÇÃO FÍSICA
Extensão 296 p.
500 ## - NOTA GERAL
Notas gerais Includes several bibliographies; 30 illus.; 15 tables
650 ## - ASSUNTO - THESAGRO
Cabeçalho tópico ou nome geográfico AGRONEGÓCIO
650 ## - ASSUNTO - THESAGRO
Cabeçalho tópico ou nome geográfico DOENÇA DE PLANTA
650 ## - ASSUNTO - THESAGRO
Cabeçalho tópico ou nome geográfico DOENÇA ANIMAL
650 ## - ASSUNTO - THESAGRO
Cabeçalho tópico ou nome geográfico INSPEÇÃO SANITÁRIA
650 ## - ASSUNTO - THESAGRO
Cabeçalho tópico ou nome geográfico DEFESA VEGETAL
650 ## - ASSUNTO - THESAGRO
Cabeçalho tópico ou nome geográfico DEFESA ANIMAL
650 ## - ASSUNTO - THESAGRO
Cabeçalho tópico ou nome geográfico GATT
650 ## - ASSUNTO - THESAGRO
Cabeçalho tópico ou nome geográfico REGULAMENTAÇÃO
650 ## - ASSUNTO - THESAGRO
Cabeçalho tópico ou nome geográfico LEGISLAÇÃO
650 ## - ASSUNTO - THESAGRO
Cabeçalho tópico ou nome geográfico HISTÓRIA
856 ## - ACESSO E ENDEREÇO ELETRÔNICO
Identificador uniforme de recurso - URI https://repositorio-dspace.agricultura.gov.br/bitstream/1/195/1/livro-defesa-agropecuaria.pdf
909 ## - IDENTIFICAÇÃO DO CATALOGADOR
Ano e mês da catalogação (aaaamm) 202310
Identificação do catalogador Fernando
942 ## - TIPO ESPECÍFICO
Tipo de material Livros
952 ## - LOCATION AND ITEM INFORMATION (KOHA)
-- 2023-10-24
Exemplares
Status de empréstimo Fonte de classificação Status de danificação Não pode ser emprestado Código da coleção Localização permanente Localização atual Localização na estante Total Checkouts Número de chamada Código de barras Tipo de material
  Classificação AGRIS     Agrobase Biblioteca Nacional de Agricultura - Binagri Biblioteca Nacional de Agricultura - Binagri Agrobase - Acervo Geral   H01 BR2023001972 2023-436581 Livros

BINAGRI

Telefone: (61)3218-2567/2388/3357/2097 - binagri@agro.gov.br

Ministério da Agricultura e Pecuária , Esplanada dos Ministérios, Bloco D, Anexo B, Brasília/DF, CEP: 70.043-900